000 01150nam a2200277 a 4500
999 _c474118
_d474118
003 BLK
005 20250214132533.0
008 180411b bul|||||r ||||||| ||bul||
020 _a9786197659115
040 _aBLK
041 _aBUL
_cBUL
080 _aРуска литература
_b821.161.1
_x-93-34
_z821.161.1-93-34
100 _aБарто, Агния Львовна
_9276360
139 _aБарто, Агния Львовна
_bБ 26
245 1 0 _aНевъзпитаният Мечо
_cАгния Барто; ил. В. Сутеев; прев. от рус. Христо Попов.
257 _aRUS
260 _aСофия
_bМиранда
_c2021
_f[Китай]
_9220232
_n978-619-7078-
300 _a16 с.
_bс цв. ил.
_c26 см
380 _aDX
500 _aОриг. загл.: Медвежнок-невежа. - За авт.: с. 14
700 _aСутеев, Владимир Григориевич
_eил.
_9599
700 _aПопов, Христо Иванов
_eпрев. от рус.
_91121
852 _aЦб ІІ 31222
_bЦб
942 _cKNG
_n0
_s1
_034
944 _aCR
_c2022-09-24
_k30564
_lАнна Гръцманова